| 000 | 00699cam a2200217 a 4500 | ||
|---|---|---|---|
| 020 | _a0070528721 : | ||
| 082 | 0 | 0 |
_a658.15 _bRIG _cL-17, P-25 |
| 100 | 1 |
_aRiggs, James L. _944587 |
|
| 245 | 1 | 0 | _aEssentials of engineering economics. |
| 250 | _a2nd ed. / | ||
| 260 |
_aNew York : _bMcGraw-Hill, _cc1986. |
||
| 300 |
_axviii, 572 p. : _bill. ; _c24 cm. |
||
| 500 | _aContains the first seventeen chapters of the authors' Engineering economics. 3rd ed. c1986. | ||
| 500 | _aIncludes index. | ||
| 526 |
_a0 _b0 _c0 _d658_150000000000000_RIG |
||
| 650 | 0 | _aEngineering economy. | |
| 650 | 0 |
_aManagerial economics. _95554 |
|
| 650 | 0 |
_aMCE _9379 |
|
| 700 | 1 |
_aWest, Thomas M. _944588 |
|
| 942 |
_2ddc _cBK |
||
| 999 |
_c548340 _d548340 |
||